000 00787nam a22002297a 4500
001 0005860
003 DO-SdBNP
005 20171212121936.0
007 0005860
008 160616b 1998 mx a xxu||||| |||| 00| 0 spa d
020 _a9701700325
040 _aBPMSU
_bspa
_cBPMSU
092 _axxxxxx
_bxxxxxx
245 0 0 _aAdobe PageMaker 6.5 :
_bcurso completo en un libro /
_ctraducción ; Manuel F. Mejías Butrón.
260 _aMéxico :
_b Prentice Hall Hispanoamericana,
_c1998.
300 _aviii, 318 p. :
_bil. ;
_c23 cm. +
_eCD ROM 4
500 _aTraducción : Adobe PageMaker 6.5 classroom in a book.
700 1 2 _aMejías Butrón, Manuel F.,
_etr.
942 _2ddc
_cBK
945 _ainventariado extranjero / DG
956 _2LOPEREZ
_310
_620160616
_8BPMSU
_a00041
999 _c10406
_d10406